| 000 | 00823nam a22002417a 4500 | ||
|---|---|---|---|
| 008 | 130821s2008 ck gr spa | ||
| 020 | _a9789584440594 | ||
| 040 |
_aCo-BoUCM _bspa |
||
| 041 | 0 | 0 | _aspa |
| 100 | 1 |
_aRestrepo Otálvaro, Silvio _9169860 |
|
| 245 | 1 | 0 |
_aPensión de invalidez baremo de la invalidez _cSilvio Resptrepo Otálvaro. |
| 260 |
_aPereira (Risaralda, Colombia) _bCentauro Artes Gráficas _c2008 |
||
| 300 | _a254 páginas | ||
| 504 | _aIncluye bibliografía. | ||
| 650 | 0 | 4 |
_aDerecho administrativo _912695 |
| 650 | 0 | 4 |
_aDerecho laboral _912787 |
| 650 | 0 | 4 |
_aDerecho laboral _xLegislación _912787 |
| 650 | 0 | 4 |
_aInválidos _917938 |
| 650 | 0 | 4 |
_aPensiones _921271 |
| 710 | 1 |
_aUniversidad Libre _93817 |
|
| 942 |
_cLIBRO _a8 _e1 _mR436p _2DEWEY _h342.0686 |
||
| 999 |
_c92721 _d92721 |
||